00923nam a2200217 a 450000100100000000500170001000800410002702000180006804000250008608200150011110000350012624501530016126000470031430000210036149000290038250400550041150000730046683000360053995201130057599900170068800004446220201002045407.0140702s2011 bl 000 0 spa d a9788576172123 aDO-SdBNPbspacBNPHU axxxxbxxxx1 aLyra Chebabi, Wilson de97248010aTrajetória de um psicanalista /cWilson de Lyra Chebabi ; organizadores, Elza Marques Lisboa de Freitas, Saul Fux, Miguel Calmon du Pin e Almeida. aRio de Janeiro, Brasil :bGaramond,c2011. a320 p. ;c21 cm.1 aGaramond universitária aIncluye bibliografía al final de cada capítulo aIncluye referencias bibliográficas y notas al pie de las páginas 0aGaramond universitária972481 001050718MOaGRbGRcCTd2014-07-02iLF1l0oxxxx xxxxp44462-10r2020-06-25w2020-06-25y1ZNo se presta c43951d43951